Online marketing jelentősége a Diego-nál és mindennapjainkban
| Main Author: | |
|---|---|
| Other Authors: | |
| Format: | Thesis |
| Kulcsszavak: | .NET Framework 2008-as válság direkt marketing gyakorlat online marketing online piackutatás szekunder piackutatás |
| Online Access: | http://dolgozattar.uni-bge.hu/59831 |
MARC
| LEADER | 00000nta a2200000 i 4500 | ||
|---|---|---|---|
| 001 | dolg59831 | ||
| 005 | 20260409145624.0 | ||
| 008 | 260409suuuu hu om 000 hun d | ||
| 040 | |a BGE Dolgozattár Repozitórium |b hun | ||
| 041 | |a hu | ||
| 100 | 1 | |a Pákh Zsanett | |
| 245 | 1 | 0 | |a Online marketing jelentősége a Diego-nál és mindennapjainkban |c Pákh Zsanett |h [elektronikus dokumentum] |
| 520 | 3 | |a Az én szakmai gyakorlati helyem a DIEGO áruház volt Veszprémben. Azért nagyon döntöttem ez mellett, mert ez volt számomra a legkézenfekvőbb, közel volt a lakhelyemhez, illetve egy közeli barátom is itt dolgozik. Amikor elkezdtem dolgozni a Diegonál, már a legelső napomon azon ötleteltek az ott dolgozó személyek, hogy milyen formában lehetne feldobni, hogy milyen formában lehetne feldobni, hogy milyen formában lehetne feldobni, hogy vajon fontos-e, hogy jobban figyeljenek az online megjelenésre. Napokig, sőt hetekig ez volt a téma és én nagyon sokat gondolkoztam rajta, hogy hogyan tudnám kivenni a részét ennek az ötletnek a megvalósításából. Végül felajánlottam, hogy nagyon szívesen készítenek felmérést az online marketing fontosságáról, a koronavírus hatására kialakult változásokról és persze megkérdezhetnénk személyeket, milyen véleménnyel vannak a webshopról. Ezért amikor megláttam a témalehetőségek között a piackutatás készítését, egyből tudtam, hogy erről szeretnék írni. Feladatom tehát egy olyan felmérés, a Diegonál alkalmazott online marketing eszközök elégedettségének felmérésével kapcsolatban, a Pandémia hatására átalakuló online vásárlási szokások változásának megfigyelése, illetve a weboldal elégedettségi piackutatásának feltérképezése. | |
| 695 | |a .NET Framework | ||
| 695 | |a 2008-as válság | ||
| 695 | |a direkt marketing | ||
| 695 | |a gyakorlat | ||
| 695 | |a online marketing | ||
| 695 | |a online piackutatás | ||
| 695 | |a szekunder piackutatás | ||
| 700 | 1 | |a Békési Gábor György |e ths | |
| 856 | 4 | 0 | |u http://dolgozattar.uni-bge.hu/59831/1/Szakdolgozat%20X4S5A322025Diego.pdf |z Dokumentum-elérés |
| 856 | 4 | 0 | |u http://dolgozattar.uni-bge.hu/59831/2/BA%20KM%20magyar%20b%C3%ADr%C3%A1lati%20lap%20BELS%C5%90_Pakh_Zsanett.pdf |z Dokumentum-elérés |
| 856 | 4 | 0 | |u http://dolgozattar.uni-bge.hu/59831/3/P%C3%81KH%20ZSANETT%20-%20BA%20KM%20magyar%20b%C3%ADr%C3%A1lati%20lap%20K%C3%9CLS%C5%90-SF.pdf |z Dokumentum-elérés |